Bahoruco en el siglo XXI y otros escritos / (Registro nro. 13440)

Detalles MARC
000 -LIDER
fixed length control field 00899nam a2200253 a 4500
001 - NÚMERO DE CONTROL
Identificador de número de control
003 - IDENTIFICACDOR DE NÚMERO DE CONTROL
control field DO-SdBNP
005 - DATE AND TIME OF LATEST TRANSACTION
control field 20211203120359.0
008 - ELEMENTOS DE LONGITUD FIJA
fixed length control field 090703s2009 dr 000 0 spa d
020 ## - ISBN
International Standard Book Number 9789945162882
040 ## - FUENTE DE CATALOGACIÓN
Agencia que crea de manera original el registro DO-SdBNP
Idioma de catalogación spa
Agencia que realiza la transcripción BPMSU
082 #4 - NÚMERO DE CLASIFICACIÓN DECIMAL DE DEWEY
Classification number 972.9326
Item number S684b 2009
Edition number 22
100 1# - ASIENTO PRINCIPAL -- NOMBRE PERSONAL
Nombre personal Solano Pérez, Juan,
Fechas asociadas con el nombre 1965-
245 10 - MENCIÓN DE TITULO
Título Bahoruco en el siglo XXI y otros escritos /
Mención de responsabilidad Juan Solano Pérez.
260 ## - PUBLICACIÓN, DISTRIBUCIÓN, ETC. (PIE DE IMPRENTA)
Lugar de publicación, distribución, etc Santo Domingo :
Nombre del editor, distribuidor, etc. Librería La Trinitaria,
Fecha de publicación, distribución, etc 2009.
300 ## - DESCRIPCIÓN FÍSICA
Extensión 102 p. ;
Dimensiones 23 cm.
500 ## - NOTA GENERAL
Nota general Incluye datos biográficos el autor en la solapa de la cubierta
590 ## - NOTA LOCAL
Texto de la nota local Inventariado, 2021/VM
650 #4 - ENCABEZAMIENTO DE MATERIA--TEMÁTICO
Término temático o nombre geográfico como elemento de entrada Desarrollo de la comunidad
Subdivisión geográfica República Dominicana
Subdivisión temática general Historia
651 #4 - ENCABEZAMIENTO DE MATERIA--NOMBRE GEOGRÁFICO
Nombre geográfico Bahoruco (República Dominicana)
Subdivisión temática general Historia local
651 #4 - ENCABEZAMIENTO DE MATERIA--NOMBRE GEOGRÁFICO
Nombre geográfico Bahoruco (República Dominicana)
Subdivisión temática general Vida social y costumbres
910 ## - VALIDACIÓN
Validación MCabrera/ VMateo V.
942 ## - ADDED ENTRY ELEMENTS (KOHA)
Source of classification or shelving scheme Dewey Decimal Classification
Koha item type Libros
Existencias
Withdrawn status Lost status Source of classification or shelving scheme Damaged status Not for loan Collection code Home library Current library Date acquired Source of acquisition Total Checkouts Full call number Barcode Date last seen Price effective from Koha item type Copy number
    Dewey Decimal Classification     Colección Dominicana Biblioteca Pública Metropolitana Salomé Ureña Biblioteca Pública Metropolitana Salomé Ureña 12/03/2021 Compra   BPMSU CD 972.9326 S684b 2009 BPMSU21120006 12/03/2021 12/03/2021 Referencia  
    Dewey Decimal Classification     Colección Dominicana Biblioteca Pública Metropolitana Salomé Ureña Biblioteca Pública Metropolitana Salomé Ureña 12/03/2021 Compra   BPMSU CD 972.9326 S684b 2009 BPMSU21120007 12/03/2021 12/03/2021 Referencia e.2
    Dewey Decimal Classification     Colección Dominicana Biblioteca Pública Metropolitana Salomé Ureña Biblioteca Pública Metropolitana Salomé Ureña 12/03/2021 Compra   BPMSU CD 972.9326 S684b 2009 BPMSU21120008 12/03/2021 12/03/2021 Referencia e.3